Introducción a la tipología textual
I tiakina i:
| Kaituhi matua: | |
|---|---|
| Hōputu: | Pukapuka |
| Reo: | Pāniora |
| I whakaputaina: |
Madrid
Arco Libros
2003
|
| Rangatū: | Cuadernos de Lengua Española, 78
|
| Ngā marau: | |
| Ngā Tūtohu: |
Tāpirihia he Tūtohu
Kāore He Tūtohu, Me noho koe te mea tuatahi ki te tūtohu i tēnei pūkete!
|
MARC
| LEADER | 00000nam a2200000 a 4500 | ||
|---|---|---|---|
| 001 | UCK3863 | ||
| 003 | CL-VaPUC | ||
| 008 | 050513e20030000SP |||||||||||||||||spa|d | ||
| 020 | |a 8476355572 | ||
| 082 | 0 | 4 | |a 401.41 |b LOU |2 21 |
| 100 | |a Loureda Lamas, Óscar |e autor |9 858988 | ||
| 245 | 1 | 0 | |a Introducción a la tipología textual |
| 300 | |a 94 p | ||
| 942 | |c BK | ||
| 945 | |d 20050513 00:00:00 |a cmena | ||
| 260 | |a Madrid |b Arco Libros |c 2003 | ||
| 650 | 0 | |a Análisis del discurso |9 256696 | |
| 650 | 0 | |a Lingüística |9 265068 | |
| 650 | 0 | |a Semántica |9 265318 | |
| 583 | |a last modification |c 20050513 00:00:00 |k Rodrigo Vera | ||
| 490 | 0 | |a Cuadernos de Lengua Española, 78 | |
| 999 | |c 312913 |d 312911 | ||
| 952 | |0 0 |1 0 |4 0 |6 401_410000000000000_LOU_2003 |7 0 |8 A |9 383771 |a FDOPOS |b FDOPOS |d 2019-11-22 |i 4125258 |o 401.41 LOU 2003 |p 4125258 |r 2025-01-22 |w 2019-11-22 |y BK |k MLA | ||
| 952 | |0 0 |1 0 |4 0 |6 401_410000000000000_LOU_2003 |7 0 |8 A |9 383772 |a FDOPOS |b FDOPOS |d 2019-11-22 |i 4476824 |o 401.41 LOU 2003 |p 4476824 |r 2025-01-22 |w 2019-11-22 |y BK |k MLA | ||
| 952 | |0 0 |1 0 |4 0 |6 401_410000000000000_LOU_2003 |7 0 |8 A |9 383773 |a FDOPOS |b FDOPOS |d 2019-11-22 |i 473047K |o 401.41 LOU 2003 |p 473047K |r 2025-01-22 |w 2019-11-22 |y BK |k DLA | ||